[Event "Navrangpura AICF (Women)"]
[Site "Navrangpura"]
[Date "2019.11.18"]
[Round "11"]
[White "Nguyen, Thi Mai Hung"]
[Black "Gavasheli, Ana"]
[Result "1-0"]
[WhiteElo "2270"]
[BlackElo "2240"]
[PlyCount "67"]
[EventDate "2019.11.11"]
[EventType "tourn"]
[EventRounds "11"]
[EventCountry "IND"]
[SourceTitle "CBM 193 Extra"]
[Source "ChessBase"]
[SourceDate "2020.01.31"]
[SourceVersion "1"]
[SourceVersionDate "2020.01.31"]
[SourceQuality "1"]

1. d4 Nf6 2. Nf3 g6 3. Bg5 Bg7 4. Nbd2 d5 5. e3 Nbd7 6. c3 c5 7. Bd3 0-0 8. 0-0 b6 9. Qe2 Bb7 10. Rad1 Ne4 11. Bf4 Nxd2 12. Rxd2 Re8 13. Ne5 Nxe5 14. Bxe5 f6 15. Bg3 e5 16. dxe5 fxe5 17. Bc4 b5 18. Bxb5 Re6 19. e4 Bh6 20. exd5 Rb6 21. Rdd1 Bg7 22. c4 e4 23. b3 Qe7 24. Rfe1 Bd4 25. Ba4 Rf8 26. Qxe4 Qf7 27. Rf1 Rf6 28. Qe2 Bc8 29. Kh1 g5 30. Rde1 h5 31. Be8 Qh7 32. Qxh5 Qg7 33. Bc6 Rh6 34. Qe2 1-0

[Event "Navrangpura AICF (Women)"]
[Site "Navrangpura"]
[Date "2019.11.17"]
[Round "10"]
[White "Gavasheli, Ana"]
[Black "Mrudul, Dehankar"]
[Result "0-1"]
[WhiteElo "2240"]
[BlackElo "2114"]
[PlyCount "106"]
[EventDate "2019.11.11"]
[EventType "tourn"]
[EventRounds "11"]
[EventCountry "IND"]
[SourceTitle "CBM 193 Extra"]
[Source "ChessBase"]
[SourceDate "2020.01.31"]
[SourceVersion "1"]
[SourceVersionDate "2020.01.31"]
[SourceQuality "1"]

1. c4 e5 2. Nc3 Nf6 3. Nf3 Nc6 4. d3 d5 5. cxd5 Nxd5 6. g3 Be7 7. Bg2 Nb6 8. 0-0 0-0 9. b3 Bg4 10. a4 a5 11. Bb2 Qd7 12. Nb5 f6 13. d4 exd4 14. Nfxd4 Nb4 15. Bxb7 Rad8 16. Bg2 c5 17. Nf3 Qe6 18. Qc1 Qxb3 19. Ra3 Qf7 20. h3 Bd7 21. Nc3 Nc4 22. Ra1 Bc6 23. Nb5 Bxf3 24. Bxf3 Nd2 25. Bg2 Nxf1 26. Bxf1 Kh8 27. Ra3 Rd7 28. Rf3 Rfd8 29. Nc3 Rd2 30. Ba3 Na2 31. Nxa2 Qxa2 32. Rc3 h6 33. Kg2 Rb8 34. Re3 Rb1 35. Qc3 Qd5+ 36. f3 Rb7 37. Qxa5 Rd1 38. Qc3 Rxf1 39. Rd3 Qh5 40. g4 Qh4 41. Kxf1 Qxh3+ 42. Ke1 Qg3+ 43. Kd1 Qg1+ 44. Kd2 f5 45. Qe5 c4 46. Qxf5 Bg5+ 47. f4 Bxf4+ 48. Qxf4 cxd3 49. Qf8+ Kh7 50. Qf5+ g6 51. Qd5 Rc7 52. Qd6 Rc2+ 53. Kxd3 Qd1+ 0-1

[Event "Navrangpura AICF (Women)"]
[Site "Navrangpura"]
[Date "2019.11.14"]
[Round "6"]
[White "Gavasheli, Ana"]
[Black "Priyanka, K."]
[Result "1-0"]
[WhiteElo "2240"]
[BlackElo "2067"]
[PlyCount "107"]
[EventDate "2019.11.11"]
[EventType "tourn"]
[EventRounds "11"]
[EventCountry "IND"]
[SourceTitle "CBM 193 Extra"]
[Source "ChessBase"]
[SourceDate "2020.01.31"]
[SourceVersion "1"]
[SourceVersionDate "2020.01.31"]
[SourceQuality "1"]

1. c4 Nf6 2. Nc3 g6 3. g3 Bg7 4. Nf3 d6 5. Bg2 0-0 6. 0-0 Nc6 7. d3 e5 8. e4 Bg4 9. h3 Bxf3 10. Bxf3 Nd7 11. Bg2 f5 12. Ne2 Nc5 13. Be3 Qd7 14. exf5 Qxf5 15. d4 exd4 16. Nxd4 Nxd4 17. Bxd4 Rae8 18. Bd5+ Kh8 19. b4 Ne6 20. Bxg7+ Kxg7 21. Bxb7 Qxh3 22. Bg2 Qf5 23. Rc1 Qe5 24. Re1 Qf6 25. Qd2 Nd4 26. c5 Rxe1+ 27. Qxe1 Rf7 28. cxd6 cxd6 29. Qd2 Re7 30. Re1 Rxe1+ 31. Qxe1 Qe5 32. Qxe5+ dxe5 33. a4 Kf6 34. Bd5 Ke7 35. Kg2 Kd6 36. Bg8 h6 37. Bf7 g5 38. Kh3 Nc2 39. b5 Nb4 40. Bg6 Kd5 41. f3 Kd4 42. Kg4 Nd5 43. a5 Nf6+ 44. Kf5 e4 45. Kxf6 e3 46. b6 axb6 47. axb6 e2 48. b7 e1Q 49. b8Q Qa5 50. Be4 Ke3 51. g4 Qa6+ 52. Kg7 Qe6 53. Qa7+ Kf4 54. Qf7+ 1-0

[Event "Navrangpura AICF (Women)"]
[Site "Navrangpura"]
[Date "2019.11.13"]
[Round "4"]
[White "Gavasheli, Ana"]
[Black "Pratyusha, Bodda"]
[Result "1-0"]
[WhiteElo "2240"]
[BlackElo "2285"]
[PlyCount "171"]
[EventDate "2019.11.11"]
[EventType "tourn"]
[EventRounds "11"]
[EventCountry "IND"]
[SourceTitle "CBM 193 Extra"]
[Source "ChessBase"]
[SourceDate "2020.01.31"]
[SourceVersion "1"]
[SourceVersionDate "2020.01.31"]
[SourceQuality "1"]

1. c4 e5 2. Nc3 Nf6 3. Nf3 Nc6 4. a3 d5 5. cxd5 Nxd5 6. d3 Be7 7. g3 Be6 8. Bg2 0-0 9. 0-0 Nb6 10. b4 f5 11. Bb2 Bf6 12. Nd2 a6 13. Nb3 Qe7 14. Nc5 Bc8 15. Nxa6 Rxa6 16. b5 Ra5 17. bxc6 bxc6 18. Bxc6 Be6 19. a4 Qb4 20. Qd2 Rc5 21. Ba3 Qxc3 22. Qxc3 Rxc3 23. Bxf8 Rxc6 24. Bb4 Nd5 25. Bd2 Rc2 26. Rfd1 e4 27. Rac1 Ra2 28. dxe4 fxe4 29. a5 Bd4 30. Be1 Be5 31. Bd2 Kf7 32. Rc5 Bd6 33. Rcc1 Be5 34. Kf1 h5 35. Be1 Ne7 36. Bc3 Bxc3 37. Rxc3 Rxa5 38. Rxc7 Kf6 39. Rd6 Ra1+ 40. Kg2 Ra2 41. Kf1 Nf5 42. Rd1 Nh6 43. Ke1 Ng4 44. h3 Ne5 45. Rd6 Ra1+ 46. Kd2 Rh1 47. h4 Rf1 48. Ke3 Ng4+ 49. Kxe4 Rxf2 50. e3 Re2 51. Rc3 g6 52. Ra6 Re1 53. Kd4 Rd1+ 54. Ke4 Re1 55. Kd4 Ne5 56. Rc5 Ng4 57. Rc3 Rd1+ 58. Ke4 Rd7 59. Rcc6 Re7 60. Kf4 Ne5 61. Rd6 Nc4 62. Rdc6 Kf7 63. e4 Nd2 64. Rd6 Nb3 65. Rac6 Na5 66. Ra6 Nb7 67. Rdc6 Kf6 68. Rab6 Na5 69. Rc5 Nb3 70. Rcc6 Nd4 71. Rd6 Ne2+ 72. Kf3 Nc1 73. Kf4 Kf7 74. Rb2 Bg4 75. Ke3 Rc7 76. Rdd2 Rc3+ 77. Kd4 Rxg3 78. Rdc2 Nb3+ 79. Ke5 Rd3 80. Rc7+ Ke8 81. Rg7 Bd1 82. Ra2 Kf8 83. Rb7 Rd8 84. Rf2+ Kg8 85. Rff7 Re8+ 86. Kf6 1-0

[Event "Navrangpura AICF (Women)"]
[Site "Navrangpura"]
[Date "2019.11.12"]
[Round "2"]
[White "Gavasheli, Ana"]
[Black "Harshini, A."]
[Result "0-1"]
[WhiteElo "2240"]
[BlackElo "2020"]
[PlyCount "117"]
[EventDate "2019.11.11"]
[EventType "tourn"]
[EventRounds "11"]
[EventCountry "IND"]
[SourceTitle "CBM 193 Extra"]
[Source "ChessBase"]
[SourceDate "2020.01.31"]
[SourceVersion "1"]
[SourceVersionDate "2020.01.31"]
[SourceQuality "1"]

1. c4 e5 2. Nc3 Nf6 3. g3 d5 4. cxd5 Nxd5 5. Bg2 Nxc3 6. bxc3 Bc5 7. Nf3 Nc6 8. Qc2 0-0 9. 0-0 Qe7 10. d3 h6 11. e4 Bg4 12. h3 Bxf3 13. Bxf3 Rad8 14. Kg2 Kh8 15. Be2 Bb6 16. Bg4 Qd6 17. Rd1 Ne7 18. d4 exd4 19. cxd4 Bxd4 20. Rb1 Qc6 21. Qxc6 Nxc6 22. Rxb7 Bb6 23. Rxd8 Rxd8 24. Bf4 Rg8 25. Bxc7 Na5 26. Rxb6 axb6 27. Bxb6 Nc4 28. Bc5 Ra8 29. Bd1 Nd2 30. Bb3 Nxe4 31. Bb4 Kg8 32. Bd5 Rb8 33. a3 Nf6 34. Bc6 Rb6 35. Bf3 Nd7 36. Bd5 Nb8 37. Kf3 Nc6 38. Bd2 Ra6 39. Bxc6 Rxc6 40. a4 Rc2 41. Ke3 Ra2 42. a5 g5 43. Kd3 f5 44. f3 Kf7 45. Bb4 Ke6 46. Kc4 Kd7 47. Kd5 Rf2 48. f4 gxf4 49. gxf4 Rxf4 50. Bd2 Rf3 51. Ke5 Rxh3 52. Kxf5 h5 53. Kg5 Rh1 54. Bf4 h4 55. Kg4 Kc6 56. Kf3 Rg1 57. Be3 Rg7 58. a6 h3 59. Bf4 0-1

[Event "Figueira da Foz op 13th"]
[Site "Figueira da Foz"]
[Date "2019.11.03"]
[Round "9"]
[White "Gomez Dieguez, David"]
[Black "Gavasheli, Ana"]
[Result "0-1"]
[WhiteElo "2336"]
[BlackElo "2240"]
[PlyCount "114"]
[EventDate "2019.10.27"]
[EventType "swiss"]
[EventRounds "9"]
[EventCountry "POR"]
[SourceTitle "CBM 192 Extra"]
[Source "Chessbase"]
[SourceDate "2019.11.06"]
[SourceVersion "1"]
[SourceVersionDate "2019.11.06"]
[SourceQuality "1"]

1. e4 d6 2. d4 Nf6 3. Nc3 g6 4. f4 Bg7 5. Nf3 c6 6. e5 dxe5 7. fxe5 Nd5 8. Bc4 0-0 9. 0-0 Bf5 10. Qe2 a5 11. a4 Na6 12. Ne4 Nac7 13. c3 b6 14. Ng3 Bc8 15. Qe4 f5 16. exf6 exf6 17. h4 Re8 18. Qc2 Qd6 19. Qf2 h5 20. Bd3 f5 21. Ng5 Rf8 22. Ne2 Ne6 23. Nxe6 Bxe6 24. Nf4 Nxf4 25. Bxf4 Qd7 26. Qg3 Bf7 27. Bc7 c5 28. dxc5 bxc5 29. Bb5 Qd2 30. Bc6 Rac8 31. Rf2 Qh6 32. Bf4 Qh8 33. Bd7 Rcd8 34. Bb5 Rc8 35. Rd1 Rfd8 36. Rfd2 Kh7 37. Bd7 Ra8 38. Bc7 Rg8 39. Bc6 Rac8 40. Re2 Bf6 41. Bd5 Bxd5 42. Rxd5 Bxh4 43. Rd7+ Rg7 44. Qd6 Bg3 45. Rxg7+ Qxg7 46. Qxg3 Rxc7 47. Qg5 c4 48. Re6 Rb7 49. Kh1 Qf7 50. Re5 f4 51. Rb5 Rd7 52. Rxa5 f3 53. gxf3 Qxf3+ 54. Kh2 Qf2+ 55. Qg2 Qf4+ 56. Qg3 Rd2+ 57. Kh3 Rd3 0-1

[Event "Figueira da Foz op 13th"]
[Site "Figueira da Foz"]
[Date "2019.10.29"]
[Round "3"]
[White "Grigoryan, Karen H"]
[Black "Gavasheli, Ana"]
[Result "1-0"]
[WhiteElo "2608"]
[BlackElo "2240"]
[PlyCount "75"]
[EventDate "2019.10.27"]
[EventType "swiss"]
[EventRounds "9"]
[EventCountry "POR"]
[SourceTitle "CBM 192 Extra"]
[Source "Chessbase"]
[SourceDate "2019.11.06"]
[SourceVersion "1"]
[SourceVersionDate "2019.11.06"]
[SourceQuality "1"]

1. e4 d6 2. d4 Nf6 3. f3 g6 4. c4 Bg7 5. Nc3 0-0 6. Be3 c6 7. Qd2 e5 8. Nge2 Re8 9. d5 a6 10. g4 b5 11. Ng3 bxc4 12. Bxc4 c5 13. h4 Qe7 14. h5 Nfd7 15. Qh2 Nf8 16. 0-0-0 Bf6 17. hxg6 fxg6 18. Qd2 Nbd7 19. g5 Bh8 20. Nf5 gxf5 21. exf5 Nb6 22. Bd3 e4 23. f6 Qf7 24. Nxe4 Rxe4 25. Bxe4 Nc4 26. Qc3 Nxe3 27. Qxe3 Ra7 28. Rh6 Qd7 29. Rdh1 Qa4 30. Bc2 Qc4 31. R6h4 Qxa2 32. Ra4 Qxd5 33. Bb3 c4 34. Rxc4 Be6 35. Rc3 Qf5 36. Bxe6+ Nxe6 37. Qxa7 Qxg5+ 38. Qe3 1-0

[Event "EU-ch ACP (Women) Rapid"]
[Site "Tbilisi"]
[Date "2018.03.30"]
[Round "1"]
[White "Girya, Olga"]
[Black "Gavasheli, Ana"]
[Result "1-0"]
[WhiteElo "2482"]
[BlackElo "2240"]
[PlyCount "51"]
[EventDate "2018.03.30"]
[EventType "swiss (rapid)"]
[EventRounds "11"]
[EventCountry "GEO"]
[SourceTitle "CBM 183 Extra"]
[Source "ChessBase"]
[SourceDate "2018.04.19"]
[SourceVersion "1"]
[SourceVersionDate "2018.04.19"]
[SourceQuality "1"]

1. d4 d6 2. e4 Nf6 3. Bd3 g6 4. c3 Bg7 5. Nf3 0-0 6. 0-0 c6 7. h3 b5 8. a4 bxa4 9. Qxa4 Qb6 10. Nbd2 Nfd7 11. Rd1 c5 12. Nc4 Qc7 13. Bg5 f6 14. Be3 Kh8 15. b4 Bb7 16. Na5 Nb6 17. Qa2 c4 18. Bc2 Bc8 19. d5 f5 20. Bd4 Be5 21. Nxe5 dxe5 22. Bc5 Na6 23. d6 exd6 24. Bxd6 Qg7 25. Nc6 Re8 26. Bxe5 1-0

[Event "Sharjah Cup (Women) 8th"]
[Site "Sharjah"]
[Date "2017.12.18"]
[Round "6"]
[White "Zarkovic, Mila"]
[Black "Gavasheli, Ana"]
[Result "1/2-1/2"]
[WhiteElo "2218"]
[BlackElo "2264"]
[PlyCount "67"]
[EventDate "2017.12.15"]
[EventType "swiss"]
[EventRounds "9"]
[EventCountry "UAE"]
[SourceTitle "CBM 182 Extra"]
[Source "ChessBase"]
[SourceDate "2018.02.23"]
[SourceVersion "1"]
[SourceVersionDate "2018.02.23"]
[SourceQuality "1"]

1. e4 g6 2. d4 d6 3. Nc3 Bg7 4. Be3 a6 5. Qd2 b5 6. a4 b4 7. Nd1 a5 8. f3 Ba6 9. Bxa6 Nxa6 10. Ne2 c5 11. c3 bxc3 12. bxc3 cxd4 13. cxd4 Nb4 14. 0-0 Nf6 15. Bh6 0-0 16. Bxg7 Kxg7 17. Ndc3 Qb6 18. Nb5 Rac8 19. Rac1 Rc6 20. Rxc6 Nxc6 21. Kh1 Rc8 22. Rc1 Na7 23. Rxc8 Nxc8 24. Nec3 Qc6 25. e5 Nd7 26. exd6 Nxd6 27. h3 Nb6 28. Nxd6 exd6 29. d5 Qc4 30. Ne4 Qb4 31. Qg5 Qd4 32. Nxd6 Qxd5 33. Qxd5 Nxd5 34. Nc4 1/2-1/2

[Event "GEO-chT Club"]
[Site "Tbilisi"]
[Date "2017.12.01"]
[Round "3.1"]
[White "Gavasheli, Ana"]
[Black "Janiashvili, Mariam"]
[Result "1-0"]
[WhiteElo "2246"]
[BlackElo "1995"]
[PlyCount "145"]
[EventDate "2017.11.29"]
[EventType "team-tourn"]
[EventRounds "7"]
[EventCountry "GEO"]
[SourceTitle "CBM 181 Extra"]
[Source "ChessBase"]
[SourceDate "2017.12.12"]
[SourceVersion "1"]
[SourceVersionDate "2017.12.12"]
[SourceQuality "1"]
[WhiteTeam "Imereti Kutaisi"]
[BlackTeam "Tbilisi Moazrovne Taoba"]
[WhiteTeamCountry "GEO"]
[BlackTeamCountry "GEO"]

1. d4 d5 2. Nf3 Nf6 3. Bf4 Bf5 4. e3 e6 5. Bd3 Bxd3 6. cxd3 Be7 7. h3 0-0 8. Nc3 c5 9. dxc5 Bxc5 10. Qb3 b6 11. d4 Bd6 12. Bxd6 Qxd6 13. Nb5 Qe7 14. Rc1 Na6 15. 0-0 Qb4 16. Qxb4 Nxb4 17. a3 Nd3 18. Rc2 a6 19. Nc7 Rac8 20. Rd1 Nc5 21. Nxd5 exd5 22. dxc5 Rxc5 23. Rcd2 Rfc8 24. Ne5 Rc1 25. Rxc1 Rxc1+ 26. Kh2 a5 27. f3 Kf8 28. Rd3 Rc7 29. Rb3 Rb7 30. Nc6 Nd7 31. Rb5 Nc5 32. b4 axb4 33. axb4 Ne6 34. Rxd5 Rc7 35. b5 g6 36. e4 Ke8 37. Rd2 Rd7 38. Ra2 Kf8 39. Ra8+ Kg7 40. Rb8 Rd2 41. Rxb6 Nf4 42. Ne5 Rxg2+ 43. Kh1 Rb2 44. Rb7 Kh6 45. Nc4 Rb4 46. Rxf7 Nxh3 47. Nd6 Ng5 48. Rf6 Kh5 49. Kg2 h6 50. Kg3 Nh7 51. Rf7 Ng5 52. Rf4 Ne6 53. Rh4+ Kg5 54. f4+ Kf6 55. Rxh6 Rb3+ 56. Kg4 Kg7 57. Rh1 Nd4 58. Rd1 Nxb5 59. Nc4 Rb4 60. Rd7+ Kf6 61. e5+ Ke6 62. Nb6 Rb1 63. Rd5 Nc3 64. Rd6+ Kf7 65. Rc6 Ne2 66. e6+ Ke8 67. Nd5 Rg1+ 68. Kh3 Rc1 69. Rxc1 Nxc1 70. Kg4 Ne2 71. Kg5 Nd4 72. Kf6 Nc6 73. Kxg6 1-0

[Event "Tbilisi Gaprindashvili Cup"]
[Site "Tbilisi"]
[Date "2017.11.19"]
[Round "7"]
[White "Paichadze, Luka"]
[Black "Gavasheli, Ana"]
[Result "1-0"]
[WhiteElo "2580"]
[BlackElo "2246"]
[PlyCount "81"]
[EventDate "2017.11.13"]
[EventType "swiss"]
[EventRounds "9"]
[EventCountry "GEO"]
[SourceTitle "CBM 181 Extra"]
[Source "ChessBase"]
[SourceDate "2017.12.12"]
[SourceVersion "1"]
[SourceVersionDate "2017.12.12"]
[SourceQuality "1"]

1. e4 g6 2. d4 Bg7 3. Nc3 d6 4. Be3 Nf6 5. Qd2 c6 6. Bh6 Bxh6 7. Qxh6 Nbd7 8. Nf3 Qa5 9. Bd3 Qh5 10. Qd2 0-0 11. Ne2 e5 12. Ng3 Qg4 13. 0-0 Qf4 14. Qc3 Re8 15. Rae1 Ng4 16. h3 Ngf6 17. Re3 Qh6 18. a4 Nh5 19. Nxh5 Qxh5 20. Be2 Qh6 21. Bc4 Qg7 22. Rd1 h6 23. a5 exd4 24. Qxd4 Ne5 25. Nxe5 dxe5 26. Qc3 Kh7 27. Rd6 Be6 28. Bxe6 Rxe6 29. Rd7 b6 30. a6 Kg8 31. Rf3 Rf6 32. Rfd3 Re6 33. Rc7 Qf6 34. Rf3 Qg7 35. Rxc6 Rxc6 36. Qxc6 Qf8 37. Qb7 Kg7 38. Rxf7+ Qxf7 39. Qxa8 Kf6 40. Qd8+ Kg7 41. Qb8 1-0

[Event "Tbilisi Gaprindashvili Cup"]
[Site "Tbilisi"]
[Date "2017.11.18"]
[Round "6"]
[White "Gavasheli, Ana"]
[Black "Sibashvili, Giorgi"]
[Result "1-0"]
[WhiteElo "2246"]
[BlackElo "2412"]
[PlyCount "75"]
[EventDate "2017.11.13"]
[EventType "swiss"]
[EventRounds "9"]
[EventCountry "GEO"]
[SourceTitle "CBM 181 Extra"]
[Source "ChessBase"]
[SourceDate "2017.12.12"]
[SourceVersion "1"]
[SourceVersionDate "2017.12.12"]
[SourceQuality "1"]

1. d4 Nf6 2. Nf3 c5 3. d5 b5 4. c4 e6 5. dxe6 fxe6 6. cxb5 d5 7. e3 Bd6 8. Nc3 Bb7 9. e4 Nbd7 10. exd5 exd5 11. Qe2+ Kf8 12. Ng5 Qe8 13. Ne6+ Kf7 14. Ng5+ Kg8 15. Be3 h6 16. Nf3 d4 17. 0-0-0 Nb6 18. Nxd4 cxd4 19. Bxd4 Qxe2 20. Bxe2 Bf4+ 21. Kb1 Kf7 22. f3 Rhd8 23. a4 Nfd5 24. a5 Nxc3+ 25. bxc3 Nd5 26. Bc4 Rac8 27. Bb3 Kf8 28. Kb2 a6 29. bxa6 Ba8 30. a7 Re8 31. Rhe1 Rxe1 32. Rxe1 Bd2 33. Rd1 Bf4 34. g3 Bg5 35. Bxd5 Bxd5 36. Bc5+ Rxc5 37. Rxd5 Rc8 38. Rb5 1-0

[Event "Figueira da Foz op 11th"]
[Site "Figueira da Foz"]
[Date "2017.11.05"]
[Round "9"]
[White "Zelbel, Patrick"]
[Black "Gavasheli, Ana"]
[Result "1-0"]
[WhiteElo "2458"]
[BlackElo "2274"]
[PlyCount "91"]
[EventDate "2017.10.29"]
[EventType "swiss"]
[EventRounds "9"]
[EventCountry "POR"]
[SourceTitle "CBM 181 Extra"]
[Source "ChessBase"]
[SourceDate "2017.12.12"]
[SourceVersion "1"]
[SourceVersionDate "2017.12.12"]
[SourceQuality "1"]

1. e4 g6 2. d4 Bg7 3. Nc3 d6 4. f4 a6 5. Nf3 b5 6. Bd3 Bb7 7. a4 b4 8. Ne2 a5 9. 0-0 Nd7 10. c3 c5 11. Ng3 Rc8 12. Qe2 Qc7 13. e5 c4 14. Bc2 Bd5 15. Bd2 b3 16. Be4 Qc6 17. Ng5 Bxe4 18. N3xe4 d5 19. e6 fxe6 20. Ng3 Nf8 21. Rfe1 Nh6 22. f5 Nxf5 23. Nxf5 gxf5 24. Qh5+ Kd7 25. Bf4 Bf6 26. Be5 Bxe5 27. Rxe5 Rg8 28. h4 Rg7 29. Re2 Kc7 30. Rae1 Qxa4 31. Rxe6 Qe8 32. Qh6 Rg6 33. Rxe7+ Qxe7 34. Rxe7+ Kd6 35. Rxh7 Rxh6 36. Rxh6+ Ke7 37. Ra6 Rd8 38. Rxa5 Rd6 39. Kf2 Kf6 40. Ra7 Nd7 41. Kf3 Kg6 42. Kf4 Nf6 43. Nf7 Rb6 44. Ne5+ Kh5 45. Kxf5 Kxh4 46. Rg7 1-0

[Event "Figueira da Foz op 11th"]
[Site "Figueira da Foz"]
[Date "2017.11.03"]
[Round "7"]
[White "Sousa, Ludy Helsio Paulo"]
[Black "Gavasheli, Ana"]
[Result "0-1"]
[WhiteElo "2149"]
[BlackElo "2274"]
[PlyCount "130"]
[EventDate "2017.10.29"]
[EventType "swiss"]
[EventRounds "9"]
[EventCountry "POR"]
[SourceTitle "CBM 181 Extra"]
[Source "ChessBase"]
[SourceDate "2017.12.12"]
[SourceVersion "1"]
[SourceVersionDate "2017.12.12"]
[SourceQuality "1"]

1. e4 c6 2. Nc3 d5 3. Nf3 g6 4. exd5 cxd5 5. d4 Nc6 6. h3 Bg7 7. Bf4 Nf6 8. Bd3 0-0 9. 0-0 Bf5 10. Bxf5 gxf5 11. Ne2 Ne4 12. c3 Kh8 13. Qc1 Rg8 14. Qe3 e6 15. Nc1 Qf6 16. Kh2 Qg6 17. Rg1 f6 18. Kh1 e5 19. Bh2 Rae8 20. Ne1 exd4 21. cxd4 Bh6 22. f4 Qh5 23. Nc2 Ng3+ 24. Qxg3 Rxg3 25. Bxg3 Re4 26. Nb3 Qe2 27. Rac1 Qd3 28. Bh2 Re2 29. Nc5 Qb5 30. b3 Qa5 31. Nxb7 Qxa2 32. Ne1 Nxd4 33. Rc8+ Kg7 34. Rc7+ Kg6 35. Nc5 Qa5 36. Nf3 Qxc7 37. Nxd4 Rd2 38. Nf3 Rc2 39. Ne6 Qb6 40. Ned4 Rd2 41. Nxd2 Qxd4 42. Nf3 Qc3 43. Nh4+ Kf7 44. Nxf5 Bf8 45. Rd1 Bc5 46. Bg1 Bxg1 47. Rxg1 Qxb3 48. Ra1 Qb6 49. Rd1 Qc5 50. Rb1 Ke6 51. g4 Qf2 52. Rb7 Qf1+ 53. Kh2 Qxf4+ 54. Kg2 Qd2+ 55. Kg3 Qc3+ 56. Kh4 Qc5 57. Rxh7 a5 58. Rh8 a4 59. Re8+ Kd7 60. Ra8 a3 61. Kh5 d4 62. Kg6 d3 63. Ng3 d2 64. Ne4 Qc2 65. Ra7+ Kc8 0-1

[Event "Figueira da Foz op 11th"]
[Site "Figueira da Foz"]
[Date "2017.11.02"]
[Round "6"]
[White "Guerreiro, Nuno M"]
[Black "Gavasheli, Ana"]
[Result "0-1"]
[WhiteElo "2109"]
[BlackElo "2274"]
[PlyCount "102"]
[EventDate "2017.10.29"]
[EventType "swiss"]
[EventRounds "9"]
[EventCountry "POR"]
[SourceTitle "CBM 181 Extra"]
[Source "ChessBase"]
[SourceDate "2017.12.12"]
[SourceVersion "1"]
[SourceVersionDate "2017.12.12"]
[SourceQuality "1"]

1. Nf3 Nf6 2. g3 g6 3. Bg2 Bg7 4. 0-0 0-0 5. c4 d6 6. d4 Nc6 7. Nc3 e5 8. Bg5 h6 9. dxe5 hxg5 10. exf6 Bxf6 11. Qc2 g4 12. Nd2 Kg7 13. Rad1 Rh8 14. Rfe1 Nd4 15. Qd3 Ne6 16. Nf1 a5 17. b3 Ng5 18. Nb5 Bf5 19. e4 Be6 20. Qe3 Bd7 21. a4 Ne6 22. Qd2 Nc5 23. Qc2 Be5 24. Ne3 Rc8 25. Na7 Rb8 26. Nb5 Rh6 27. Nf1 Ne6 28. Re3 Qf6 29. f4 gxf3 30. Rxf3 Qe7 31. Rfd3 Nc5 32. Re3 Rbh8 33. Nxc7 Bg4 34. Nd5 Bxd1 35. Qxd1 Qd8 36. Nc3 Ne6 37. Nb5 Qb6 38. Kh1 Rxh2+ 39. Kg1 R2h6 40. Kf2 Nd4 41. Ke1 Re8 42. Rd3 Nxb5 43. axb5 Qg1 44. Qf3 Bd4 45. Kd2 Re6 46. Qe2 g5 47. g4 Ref6 48. Bf3 Bc5 49. Kc2 Rh3 50. Qd2 Qxf1 51. Be2 Rxd3 0-1

[Event "Figueira da Foz op 11th"]
[Site "Figueira da Foz"]
[Date "2017.11.01"]
[Round "5"]
[White "Gavasheli, Ana"]
[Black "Morais, Mario Martins Freit"]
[Result "1-0"]
[WhiteElo "2274"]
[BlackElo "1457"]
[PlyCount "97"]
[EventDate "2017.10.29"]
[EventType "swiss"]
[EventRounds "9"]
[EventCountry "POR"]
[SourceTitle "CBM 181 Extra"]
[Source "ChessBase"]
[SourceDate "2017.12.12"]
[SourceVersion "1"]
[SourceVersionDate "2017.12.12"]
[SourceQuality "1"]

1. Nf3 d6 2. d4 Nd7 3. c4 c6 4. e4 e5 5. Nc3 Qc7 6. Be2 Be7 7. 0-0 Ngf6 8. Re1 0-0 9. Bf1 Rd8 10. d5 Nf8 11. g3 Ne8 12. Bg2 c5 13. Rf1 h6 14. Ne1 Kh7 15. Nd3 a6 16. a4 Rb8 17. Qe2 Bd7 18. a5 b5 19. axb6 Rxb6 20. f4 Nf6 21. f5 Rdb8 22. h4 Kg8 23. g4 N6h7 24. Qf2 Qd8 25. g5 hxg5 26. h5 Bf6 27. Bf3 g6 28. hxg6 fxg6 29. Bg4 Kg7 30. Kg2 Qe7 31. Qf3 Re8 32. Nf2 Rb4 33. Qd3 Rb6 34. Rh1 Kg8 35. Qh3 gxf5 36. exf5 Qg7 37. Nce4 Re7 38. Ra3 Bc8 39. Rg3 Reb7 40. Qh5 Bd7 41. Bh3 Rb3 42. Nd3 Qf7 43. Qxf7+ Kxf7 44. Nxd6+ Ke7 45. Nxb7 Rxb7 46. Nxc5 Rc7 47. Nxd7 Kxd7 48. b3 Be7 49. f6+ 1-0

[Event "San Sebastian Gros op 27th"]
[Site "San Sebastian"]
[Date "2017.06.27"]
[Round "6"]
[White "Andres Gonzalez, Alberto"]
[Black "Gavasheli, Ana"]
[Result "1/2-1/2"]
[WhiteElo "2518"]
[BlackElo "2227"]
[PlyCount "83"]
[EventDate "2017.06.23"]
[EventType "swiss"]
[EventRounds "9"]
[EventCountry "ESP"]
[SourceTitle "CBM 179 Extra"]
[Source "ChessBase"]
[SourceDate "2017.08.23"]
[SourceVersion "1"]
[SourceVersionDate "2017.08.23"]
[SourceQuality "1"]

1. d4 d5 2. Nf3 Nf6 3. c4 e6 4. Nc3 Be7 5. Bf4 0-0 6. e3 dxc4 7. Bxc4 c5 8. 0-0 b6 9. d5 b5 10. d6 bxc4 11. dxe7 Qxe7 12. Bd6 Qd8 13. Bxf8 Qxf8 14. Ne5 Nbd7 15. Nxc4 Bb7 16. Qd6 Nb6 17. Qxf8+ Kxf8 18. Na5 Ba6 19. Rfd1 Rc8 20. Rac1 Ke7 21. b3 h6 22. e4 Nfd7 23. a4 Ne5 24. Nb5 Bxb5 25. axb5 g5 26. f3 h5 27. Nb7 Ned7 28. Rc3 Rc7 29. Na5 Kf6 30. Kf2 Rc8 31. Ke3 Ne5 32. Ra1 Nbd7 33. Nc4 Rc7 34. g3 Ke7 35. Na5 Kf6 36. h3 Nb6 37. f4 gxf4+ 38. gxf4 Ned7 39. Nc6 Nc8 40. Rg1 e5 41. fxe5+ Nxe5 42. Rxc5 1/2-1/2

[Event "Rochefort op-A16th"]
[Site "Rochefort"]
[Date "2017.02.21"]
[Round "5"]
[White "Cornette, Matthieu"]
[Black "Gavasheli, Ana"]
[Result "1-0"]
[WhiteElo "2593"]
[BlackElo "2232"]
[PlyCount "55"]
[EventDate "2017.02.18"]
[EventType "swiss"]
[EventRounds "9"]
[EventCountry "FRA"]
[SourceTitle "CBM 177 Extra"]
[Source "ChessBase"]
[SourceDate "2017.04.27"]
[SourceVersion "1"]
[SourceVersionDate "2017.04.27"]
[SourceQuality "1"]

1. e4 d6 2. d4 Nf6 3. Nc3 g6 4. Bg5 Bg7 5. Qd2 h6 6. Bf4 c6 7. h3 b5 8. a3 a6 9. Nf3 Bb7 10. Rd1 e6 11. Bd3 Kf8 12. 0-0 c5 13. dxc5 dxc5 14. Qe3 Nbd7 15. e5 Nd5 16. Nxd5 exd5 17. e6 d4 18. Qe2 c4 19. Bd6+ Kg8 20. exf7+ Kh7 21. Be4 Bxe4 22. Qxe4 Qf6 23. f8Q Rhxf8 24. Bxf8 Rxf8 25. Qxd4 Qxd4 26. Nxd4 Nc5 27. Rfe1 Rd8 28. Re7 1-0